Cumplimiento de la legislación escolar en el nivel medio Leyes 66-97 y 136-03, Zambrana/ Dory María González Díaz, Héctor Manuel Belén Díaz y Marleny Sánchez Amparo. ; asesor Prebisterio Lora de la Cruz (Registro nro. 18842)

Detalles MARC
000 -LEADER
fixed length control field 01157nam a22002411a 4500
001 - CONTROL NUMBER
control field 18842
003 - CONTROL NUMBER IDENTIFIER
control field OSt
005 - DATE AND TIME OF LATEST TRANSACTION
control field 20260204212423.0
008 - FIXED-LENGTH DATA ELEMENTS--GENERAL INFORMATION
fixed length control field 181009s2018||||dr ||||||b||||||||||spa||
090 ## - LOCALLY ASSIGNED LC-TYPE CALL NUMBER (OCLC); LOCAL CALL NUMBER (RLIN)
Classification number (OCLC) (R) ; Classification number, CALL (RLIN) (NR) EDU-CS 2018 G65
100 1# - ASIENTO PRINCIPAL -- NOMBRE PERSONAL
Personal name González Díaz, Dory María
Relator term sustentante
245 1# - TÍTULO PROPIAMENTE DICHO: SUBTÍTULO
Title Cumplimiento de la legislación escolar en el nivel medio Leyes 66-97 y 136-03, Zambrana/ Dory María González Díaz, Héctor Manuel Belén Díaz y Marleny Sánchez Amparo. ; asesor Prebisterio Lora de la Cruz
260 ## - PUBLICATION, DISTRIBUTION, ETC.
Place of publication, distribution, etc. Cotuí, República Dominicana :
Name of publisher, distributor, etc. UTECO,
Date of publication, distribution, etc. 2018
300 ## - PHYSICAL DESCRIPTION
Extensión 87 hojas :
Other physical details Ilustraciones ;
Dimensions 28cm.
502 ## - THESIS NOTE
Dissertation note Trabajo de grado (Licenciatura en Educación, Mención Sociales)--Universidad Tecnológica del Cibao Oriental, 2018
504 ## - BIBLIOGRAPHY, ETC. NOTE
Bibliography, etc. note Incluye referencia bibliográfica e índice<br/>
650 #4 - ASIENTO SECUNDARIO DE MATERIA -- TERMINO TOPICO
Asiento secundario de materia Cumplimiento de la legislación escolar en el nivel medio
700 1# - ASIENTO SECUNDARIO -- NOMBRE PERSONAL
Personal name Belén Díaz, Héctor Manuel
Relator term sustentante
700 1# - ASIENTO SECUNDARIO -- NOMBRE PERSONAL
Personal name Sánchez Amparo, Marleny
Relator term sustentante
700 1# - ASIENTO SECUNDARIO -- NOMBRE PERSONAL
Personal name Lora de la Cruz, Prebisterio
Relator term asesor
830 ## - ASIENTO SECUNDARIO DE SERIE - TÍTULO UNIFORME
Uniform title Tesis y disertaciones académicas (Universidad Tecnológica del Cibao Oriental)
942 ## - ADDED ENTRY ELEMENTS (KOHA)
Source of classification or shelving scheme Clasificación Local
Koha item type Tesis
Existencias
Withdrawn status Lost status Source of classification or shelving scheme Damaged status Not for loan Collection code Home library Current library Shelving location Date acquired Inventory number Full call number Barcode Date last seen Copy number Price effective from Koha item type
    Clasificación Local   Préstamo Interno Trabajos de Grado e Investigación   Biblioteca UTECO En Estantería 09/09/2019 ET-2018-056 EDU-CS 2018 G65 ET-2018-056 09/09/2019 Ej.1 09/09/2019 Tesis
© 2021 Derechos Reservados UTECO - Teléfono: +1 809-585-2291 - Correo electrónico: biblioteca@uteco.edu.do​  
Código postal 43000 ​​
Dirección: Avenida Universitaria No. 100, 
Cotuí, Provincia Sánchez Ramírez, República Dominicana - RNC: 404-00059-6